01042 a2200169 45000010006000000050017000060080041000230030015000640400040000790800048001192450035001670200018002022640051002203000019002715050555002901000027008454876120260407155753.0260407a1987 arg spa dAR-UNSa-BCEJYS aAR-UNSa-BCEJYSbspacAR-UNSa-BCEJYS a347.7xDerecho Mercantil. Derecho Comercial10aSociedad y contratos asociados a950-572-158-7 1aBuenos Aires :bVíctor P. de Zavalíac1987 a265 p.c23 cm. a1. Introducción - 2. La unificación del derecho privado - 3. La empresa - 4. El contenido del nuevo derecho comercial - 5. La personalidad jurídica - 6. Contratos asociativos sociedades - 7. La sociedad general o simple - 8. La reforma de la ley de sociedades por el proyecto de unificación de la legislación civil y comercial de la Nación - 9. De las sociedades irregularmente constituidas - 10. El proyecto de unificación y los reflejos de la quiebra sobre la sociedad simple o los contratos asociativos - 11. Apreciaciones finales. 1 aRichard, Efraín Hugo